000 01374nam a22002057a 4500
001 5497
003 FISKH
005 20241212145048.0
008 241212b cb ||||| |||| 00| 0 eng d
020 _a9780198390213
040 _aFISKH
_beng
_cFISKH
_dFISKH
082 _a570
100 _aLarge, Pam
245 _aComplete biology for Cambridge Secondary 1 :
_bCambridge checkpoint and beyond /
_cby Pam Large
260 _aOxford :
_bOxford University Press ;
_c2014 .
300 _a254 pages :
_billustrations ;
_c30 cm .
520 _aThis brand new course builds in crucial challenge material right from the start, enabling students to confidently leap into Cambridge IGCSERG Science study with a solid foundation in Biology. It is the best preparation for our bestselling Complete Science for Cambridge IGCSE course,facilitating seamless progression from Cambridge Secondary 1 Stage 9 right into Complete Biology for Cambridge IGCSE. Complete Biology for Cambridge Secondary 1 covers all three years of Cambridge Secondary 1 Biology in the same book, flowing smoothly from one stage to the next. Regular revision andextension exercises will help consolidate learning and then stretch and challenge students to reach the next level. Plus, it's endorsed by Cambridge International Examinations, so you know it's comprehensive.
942 _2ddc
_cBK
_n0
999 _c5497
_d5497